000 00632nam a2200217 4500
001 148466
003 ES-MaACL
005 20230906202644.0
007 t|
008 070214s1949 ag r ||||1| spa d
100 1 _aSteinbeck, John (
_d1902-1968)
_9108042
245 1 3 _aLa luna se ha puesto /
_cJohn Steinbeck ; traducción de Pedro Lecuona.
250 _a4ª. ed.
260 _aBuenos Aires :
_bEd. Sudamericana,
_c1949.
300 _a181 p. ;
_c19 cm.
490 1 _aCol. horizonte
700 1 _aLecuona, Pedro.
_971125
830 0 _aCol. horizonte
_9187435
852 _aES-MaACL
_jD-5801
_bR.25852
999 _c148466
_d148466